Sympózium Racionalizácia v lesnom hospodárstve Piešťany 27.-29.IX.1968 II. diel
| Corporate Author: | |
|---|---|
| Format: | Conference Proceeding Book |
| Language: | Slovak German Czech Russian |
| PhysicalDescription: | 154 strán 21 cm |
| Published: |
Žilina
Dom techniky ČSVTS Žilina
1968
|
| Subjects: |
MARC
| LEADER | 00000cam a2200000 4500 | ||
|---|---|---|---|
| 001 | vtls012055102 | ||
| 003 | SK-MaSNL | ||
| 005 | 20260301163432.0 | ||
| 008 | 210928s1968 xo fr 100 0 slo | ||
| 015 | |a SNBA1968 | ||
| 020 | |q (brožované) | ||
| 040 | |a SNK |b slo |c SNK |e rda | ||
| 041 | 0 | |a slo |a ger |a cze |a rus | |
| 044 | |a xo |c SK | ||
| 072 | 7 | |a 630 |x Lesníctvo |2 konspekt | |
| 080 | |a 630 |2 2011 | ||
| 080 | |a 331.103 |2 2011 | ||
| 080 | |a (062.534) |2 2011 | ||
| 080 | |a 005.591 |2 2001 | ||
| 111 | 2 | |a Racionalizácia v lesnom hospodárstve |d (1968 : |c Piešťany, Slovensko) |4 aut |9 488288 | |
| 245 | 1 | 0 | |a Sympózium Racionalizácia v lesnom hospodárstve |b Piešťany 27.-29.IX.1968 |n II. diel |
| 264 | 1 | |a Žilina |b Dom techniky ČSVTS Žilina |c 1968 | |
| 300 | |a 154 strán |c 21 cm | ||
| 336 | |a text |b txt |2 rdacontent | ||
| 337 | |a bez média |b n |2 rdamedia | ||
| 338 | |a zväzok |b nc |2 rdacarrier | ||
| 650 | 0 | 7 | |a lesné hospodárstvo |2 SNKPH |9 1256 |
| 650 | 0 | 7 | |a organizácia práce |2 SNKPH |9 2330 |
| 650 | 0 | 7 | |a Forest management |2 SNKPHeng |9 267353 |
| 650 | 0 | 7 | |a Work design |2 SNKPHeng |9 303054 |
| 650 | 0 | 7 | |a racionalizácia |2 SNKPH |9 938 |
| 655 | 7 | |a zborníky konferencií |2 SNKPH |9 70153 | |
| 655 | 7 | |a Proceedings of conferences |2 SNKPHeng |9 265791 | |
| 852 | |a Slovenská národná knižnica | ||
| 954 | |a odborná, vedecká literatúra pôvodná (slovenská) |2 lita | ||
| 954 | |a odborná, vedecká literatúra cudzojazyčná (svetová) |2 lita | ||
| 958 | |a OND | ||
| 999 | |c 817039 |d 818969 | ||
| 952 | |a SNK |b SNK |y PREZ |7 0 |p 17A1447890 |o snkSC 192782/2 |i snk2021/5353 |8 7 |0 0 |1 0 |4 0 |d 2021-05-21 |l 0 |r 2026-02-24 02:54:35 |w 2026-02-24 | ||


